Zamestnávanie cudzincov (vrátane Slovákov) v Česku pre účely zamestnania musí cudzinec požiadať o povolenie k dlhodobému pobytu
Podmienky prijatia zamestnancov zo zahraničia na prácu v ČR. Náležitosti potrebné pre získanie povolenia na zamestnanie a pobyt. Predpisy, ktorými sa riadia pracovnoprávne vzťahy dohodnuté s cudzincami. Sankcie pri porušení povinnosti pri zamestnávaní cudzincov.
Salvato in:
| Autore principale: | |
|---|---|
| Natura: | Capitolo di libro |
| Lingua: | slovacco |
| Soggetti: | |
| Tags: |
Nessun Tag, puoi essere il primo ad aggiungerne!!
|
MARC
| LEADER | 00000naa a2200000 4500 | ||
|---|---|---|---|
| 001 | r035008 | ||
| 005 | 20230824101250.7 | ||
| 041 | 0 | |a slo | |
| 044 | |a SK | ||
| 245 | 1 | 0 | |a Zamestnávanie cudzincov (vrátane Slovákov) v Česku |b pre účely zamestnania musí cudzinec požiadať o povolenie k dlhodobému pobytu |c Milena Soušková |
| 520 | |a Podmienky prijatia zamestnancov zo zahraničia na prácu v ČR. Náležitosti potrebné pre získanie povolenia na zamestnanie a pobyt. Predpisy, ktorými sa riadia pracovnoprávne vzťahy dohodnuté s cudzincami. Sankcie pri porušení povinnosti pri zamestnávaní cudzincov. | ||
| 610 | 2 | 0 | |a práca v zahraničí |
| 610 | 2 | 0 | |a pracovníci zahraniční |
| 610 | 2 | 0 | |a cudzinci |
| 610 | 2 | 0 | |a Česko |
| 610 | 2 | 0 | |a zamestnávatelia |
| 610 | 2 | 0 | |a povolenia pracovné |
| 610 | 2 | 0 | |a pobyt cudzincov |
| 610 | 2 | 0 | |a predpisy |
| 610 | 2 | 0 | |a sankcie |
| 100 | 1 | |a Soušková, Milena | |